[Event "FIDE World Rapid-ch Open 2018"]
[White "Kamsky, Gata"]
[Black "Mchedlishvili, Mikheil"]
[Site "St. Petersburg"]
[Round "13.13"]
[Annotator "ChessBase"]
[Result "1-0"]
[Date "2018.12.28"]
[WhiteElo "2666"]
[BlackElo "2610"]
[PlyCount "83"]
[TimeControl "900+10"]

1. d4 {[%emt 0:0:0]} Nf6 {[%emt 0:0:0]} 2. Nf3 {[%emt 0:0:0]} g6 {[%emt 0:0:24]
} 3. c3 {[%emt 0:0:0]} Bg7 {[%emt 0:0:4]} 4. Bf4 {[%emt 0:0:0]} 0-0 {[%emt 0:0:36]} 5. Nbd2 {[%emt 0:0:3]} d6 {[%emt 0:0:16]} 6. h3 {[%emt 0:0:3]
} Nbd7 {[%emt 0:0:37]} 7. e3 {[%emt 0:0:21]} b6 {[%emt 0:0:18]
} 8. a4 {[%emt 0:0:4]} a6 {[%emt 0:0:18]} 9. Bc4 {[%emt 0:0:3]} Bb7 {[%emt 0:0:8]
} 10. 0-0 {[%emt 0:0:3]} Ra7 {[%emt 0:0:54]} 11. Re1 {[%emt 0:0:0]} Qa8 {[%emt 0:0:23]} 12. Bh2 {[%emt 0:2:25]} c5 {[%emt 0:0:26]} 13. Qb3 {[%emt 0:1:2]} Bh6 {[%emt 0:2:11]} 14. Bf1 {[%emt 0:1:28]} Ne4 {[%emt 0:0:54]
} 15. Nxe4 {[%emt 0:0:3]} Bxe4 {[%emt 0:0:1]} 16. Nd2 {[%emt 0:0:4]
} Bc6 {[%emt 0:1:30]} 17. Qa3 {[%emt 0:0:5]} Rc8 {[%emt 0:0:0]} 18. Nc4 {[%emt 0:0:31]} Qb8 {[%emt 0:0:55]} 19. dxc5 {[%emt 0:0:22]} Nxc5 {[%emt 0:0:32]} 20. a5 {[%emt 0:0:3]} b5 {[%emt 0:0:46]} 21. Nb6 {[%emt 0:0:4]
} Rcc7 {[%emt 0:0:16]} 22. c4 {[%emt 0:1:4]} bxc4 {[%emt 0:0:0]} 23. Bxc4 {[%emt 0:0:5]} Nd7 {[%emt 0:1:33]} 24. Qb3 {[%emt 0:0:2]} Qe8 {[%emt 0:0:1]} 25. Rac1 {[%emt 0:0:38]} Bg7 {[%emt 0:0:1]} 26. Qa2 {[%emt 0:1:49]
} Ne5 {[%emt 0:0:46]} 27. Bxe5 {[%emt 0:0:4]} Bxe5 {[%emt 0:0:0]} 28. b4 {[%emt 0:0:9]} e6 {[%emt 0:0:3]} 29. Qe2 {[%emt 0:0:5]} Bb7 {[%emt 0:0:23]} 30. e4 {[%emt 0:3:7]} Qd8 {[%emt 0:0:18]} 31. Qe3 {[%emt 0:0:50]
} Bc6 {[%emt 0:0:11]} 32. Red1 {[%emt 0:0:15]} Qf6 {[%emt 0:0:0]} 33. g3 {[%emt 0:0:2]} Qe7 {[%emt 0:0:16]} 34. Bf1 {[%emt 0:0:28]} Qe8 {[%emt 0:1:28]} 35. Nc4 {[%emt 0:1:11]} Bb5 {[%emt 0:0:26]} 36. Nxe5 {[%emt 0:0:13]
} dxe5 {[%emt 0:0:2]} 37. Rxc7 {[%emt 0:0:44]} Rxc7 {[%emt 0:0:0]} 38. Qb6 {[%emt 0:0:1]} Rc8 {[%emt 0:0:25]} 39. Bxb5 {[%emt 0:0:5]} axb5 {[%emt 0:0:1]} 40. a6 {[%emt 0:0:7]} Kg7 {[%emt 0:0:17]} 41. a7 {[%emt 0:0:2]
} Qe7 {[%emt 0:0:16]} 42. Qb8 {[%emt 0:0:14]} 1-0

[Event "FIDE World Rapid-ch Open 2018"]
[White "Shirov, Alexei"]
[Black "Svidler, Peter"]
[Site "St. Petersburg"]
[Round "13.14"]
[Annotator "ChessBase"]
[Result "0-1"]
[Date "2018.12.28"]
[WhiteElo "2643"]
[BlackElo "2737"]
[PlyCount "112"]
[TimeControl "900+10"]

1. e4 {[%emt 0:0:0]} c5 {[%emt 0:0:18]} 2. Nf3 {[%emt 0:0:0]} Nc6 {[%emt 0:0:19]
} 3. d4 {[%emt 0:0:9]} cxd4 {[%emt 0:0:2]} 4. Nxd4 {[%emt 0:0:0]} e6 {[%emt 0:0:4]} 5. Nc3 {[%emt 0:0:2]} a6 {[%emt 0:0:28]} 6. Be3 {[%emt 0:1:51]} Nf6 {[%emt 0:0:6]} 7. f4 {[%emt 0:0:7]} Bb4 {[%emt 0:0:0]} 8. Bd3 {[%emt 0:0:2]} e5 {[%emt 0:0:3]} 9. fxe5 {[%emt 0:0:4]} Nxe5 {[%emt 0:0:1]} 10. 0-0 {[%emt 0:0:14]} Bc5 {[%emt 0:1:16]} 11. h3 {[%emt 0:0:0]} d6 {[%emt 0:0:25]} 12. Qe1 {[%emt 0:0:22]} 0-0 {[%emt 0:0:35]} 13. Rd1 {[%emt 0:0:3]} Re8 {[%emt 0:2:58]} 14. Qf2 {[%emt 0:1:35]} Be6 {[%emt 0:0:35]
} 15. Nxe6 {[%emt 0:3:30]} Bxe3 {[%emt 0:0:20]} 16. Nxd8 {[%emt 0:0:2]
} Bxf2+ {[%emt 0:0:2]} 17. Rxf2 {[%emt 0:0:42]} Rexd8 {[%emt 0:0:9]
} 18. Rfd2 {[%emt 0:0:10]} Kf8 {[%emt 0:0:12]} 19. Be2 {[%emt 0:0:2]
} Ke7 {[%emt 0:0:1]} 20. g4 {[%emt 0:0:18]} h6 {[%emt 0:0:27]
} 21. h4 {[%emt 0:0:33]} Rac8 {[%emt 0:1:15]} 22. g5 {[%emt 0:1:38]} hxg5 {[%emt 0:0:1]
} 23. hxg5 {[%emt 0:0:1]} Nh7 {[%emt 0:0:22]} 24. Nd5+ {[%emt 0:0:2]
} Kf8 {[%emt 0:0:42]} 25. g6 {[%emt 0:0:4]} Nxg6 {[%emt 0:0:0]} 26. Bg4 {[%emt 0:0:2]} Rc4 {[%emt 0:0:58]} 27. b3 {[%emt 0:1:20]} Rxe4 {[%emt 0:0:18]} 28. Bf5 {[%emt 0:0:1]} Re5 {[%emt 0:1:23]} 29. Bxg6 {[%emt 0:0:2]
} fxg6 {[%emt 0:0:49]} 30. Nf4 {[%emt 0:0:38]} Re4 {[%emt 0:0:0]} 31. Rf1 {[%emt 0:0:23]} Kf7 {[%emt 0:0:32]} 32. Nh3+ {[%emt 0:0:8]} Kg8 {[%emt 0:0:29]} 33. Rfd1 {[%emt 0:0:4]} Re3 {[%emt 0:1:5]} 34. Nf4 {[%emt 0:0:10]
} g5 {[%emt 0:0:4]} 35. Nd5 {[%emt 0:0:7]} Re4 {[%emt 0:0:0]} 36. Nb6 {[%emt 0:0:14]} g4 {[%emt 0:0:15]} 37. Nc4 {[%emt 0:0:12]} Ng5 {[%emt 0:0:28]} 38. Nxd6 {[%emt 0:0:4]} Nf3+ {[%emt 0:0:53]} 39. Kg2 {[%emt 0:0:1]
} Re6 {[%emt 0:0:1]} 40. Rd5 {[%emt 0:0:2]} Nh4+ {[%emt 0:0:0]} 41. Kh2 {[%emt 0:0:28]} g3+ {[%emt 0:0:15]} 42. Kh3 {[%emt 0:0:5]} g2 {[%emt 0:0:26]} 43. Kxh4 {[%emt 0:0:21]} Rexd6 {[%emt 0:0:3]} 44. Rxd6 {[%emt 0:0:2]
} Rxd6 {[%emt 0:0:1]} 45. Re1 {[%emt 0:0:21]} Rd2 {[%emt 0:0:0]} 46. Kg3 {[%emt 0:0:8]} Rxc2 {[%emt 0:0:2]} 47. a4 {[%emt 0:0:5]} Rb2 {[%emt 0:0:8]} 48. Kh2 {[%emt 0:0:6]} Rxb3 {[%emt 0:0:11]} 49. Kxg2 {[%emt 0:0:4]
} a5 {[%emt 0:0:3]} 50. Re7 {[%emt 0:0:10]} b6 {[%emt 0:0:8]
} 51. Rc7 {[%emt 0:0:17]} Rb4 {[%emt 0:0:8]} 52. Rc6 {[%emt 0:0:16]} Kf7 {[%emt 0:0:3]
} 53. Kf3 {[%emt 0:0:1]} g5 {[%emt 0:0:8]} 54. Rh6 {[%emt 0:0:0]} Ke7 {[%emt 0:0:4]} 55. Rg6 {[%emt 0:0:4]} g4+ {[%emt 0:0:2]} 56. Ke2 {[%emt 0:0:17]} Kd7 {[%emt 0:0:1]} 0-1

[Event "FIDE World Rapid-ch Open 2018"]
[White "Mamedov, Rauf"]
[Black "Saric, Ivan"]
[Site "St. Petersburg"]
[Round "13.15"]
[Annotator "ChessBase"]
[Result "0-1"]
[Date "2018.12.28"]
[WhiteElo "2703"]
[BlackElo "2695"]
[PlyCount "70"]
[TimeControl "900+10"]

1. e4 {[%emt 0:0:0]} c5 {[%emt 0:0:0]} 2. Nf3 {[%emt 0:0:0]} d6 {[%emt 0:0:0]} 3. Nc3 {[%emt 0:0:0]} Nf6 {[%emt 0:0:0]} 4. e5 {[%emt 0:0:0]} dxe5 {[%emt 0:0:0]} 5. Nxe5 {[%emt 0:0:0]} a6 {[%emt 0:0:2]} 6. g3 {[%emt 0:0:0]
} Qc7 {[%emt 0:0:17]} 7. d4 {[%emt 0:0:0]} cxd4 {[%emt 0:0:0]} 8. Qxd4 {[%emt 0:0:0]} Nc6 {[%emt 0:0:8]} 9. Nxc6 {[%emt 0:0:1]} Qxc6 {[%emt 0:0:4]} 10. Bg5 {[%emt 0:0:2]} Qd7 {[%emt 0:8:21]} 11. Bxf6 {[%emt 0:6:0]
} gxf6 {[%emt 0:1:11]} 12. Nd5 {[%emt 0:0:6]} Bh6 {[%emt 0:0:0]} 13. Rd1 {[%emt 0:1:40]} Qe6+ {[%emt 0:0:40]} 14. Be2 {[%emt 0:0:15]} 0-0 {[%emt 0:0:1]} 15. Qc5 {[%emt 0:1:55]} Qe4 {[%emt 0:0:43]} 16. f3 {[%emt 0:0:20]
} Qe5 {[%emt 0:0:34]} 17. f4 {[%emt 0:0:52]} Qxb2 {[%emt 0:0:0]} 18. 0-0 {[%emt 0:1:35]} Be6 {[%emt 0:0:45]} 19. Nxe7+ {[%emt 0:0:5]} Kh8 {[%emt 0:0:4]} 20. Bd3 {[%emt 0:1:36]} Rad8 {[%emt 0:0:47]} 21. Qh5 {[%emt 0:0:14]
} Rxd3 {[%emt 0:0:38]} 22. cxd3 {[%emt 0:1:23]} Bg7 {[%emt 0:0:0]} 23. Nf5 {[%emt 0:0:8]} Rc8 {[%emt 0:0:50]} 24. Rb1 {[%emt 0:1:5]} Qxa2 {[%emt 0:0:23]} 25. Nd4 {[%emt 0:1:10]} Bd5 {[%emt 0:0:8]} 26. Qe2 {[%emt 0:0:13]
} f5 {[%emt 0:0:5]} 27. Qxa2 {[%emt 0:0:2]} Bxa2 {[%emt 0:0:0]} 28. Rb4 {[%emt 0:0:21]} a5 {[%emt 0:0:22]} 29. Ra4 {[%emt 0:0:0]} Bxd4+ 30. Rxd4 b5 {[%emt 0:0:36]} 31. g4 {[%emt 0:0:49]} b4 {[%emt 0:0:10]} 32. Ra1 {[%emt 0:0:10]} b3 33. Ra4 Rc2 {[%emt 0:0:9]} 34. g5 {[%emt 0:0:14]
} b2 {[%emt 0:0:2]} 35. R4xa2 {[%emt 0:0:1]} Rc1+ 0-1

[Event "FIDE World Rapid-ch Open 2018"]
[White "Alekseenko, Kirill"]
[Black "Grischuk, Alexander"]
[Site "St. Petersburg"]
[Round "13.16"]
[Annotator "TA"]
[Result "0-1"]
[Date "2018.12.28"]
[WhiteElo "2638"]
[BlackElo "2771"]
[PlyCount "104"]

1. e4 {} e5 2. Nf3 Nc6 3. Bb5 a6 4. Ba4 Nf6 5. 0-0 b5 6. Bb3 Bb7 7. Re1 Bc5 8. c3 d6 9. d4 Bb6 10. Be3 0-0 11. Nbd2 h6 12. h3 Re8 13. d5 Ne7 {C78: Ruy Lopez: Archangelsk and Möller Defences} 14. Bxb6 cxb6 {
} 15. a4 (15. Nh4 g5 16. Nf5 Nxf5 17. exf5 Rc8 18. Ne4 Nxe4 19. Rxe4 Qf6 20. Qf3 Rc5 21. Rd1 {1/2-1/2 (35) Vachier Lagrave,M 
(2758)-Bachmann,A (2593) Berlin 2015} )bxa4 16. Bxa4 b5 17. Bc2 Qb6 {
LiveBook: 3 Games} 18. Bd3 Bc8 $146 ({Predecessor:} 18... Rec8 19. c4 b4 20. Qa4 a5 21. Nb3 Ng6 22. Nfd2 Nh5 23. Nxa5 Rcb8 24. c5 dxc5 25. Qb5 {1-0 (25)
Shankland,S (2602)-Esserman,M (2447) Las Vegas 2013} )19. b4 Bd7 20. c4 bxc4 21. Nxc4 Qb8 22. Qd2 Bb5 23. Rab1 Ra7 24. Na5 Rc7 25. Qe2 Rec8 26. Bxb5 axb5 27. Red1 Qb6 28. Rd2 (28. Rb2 $11 )Rc3 (28... Rc1+ $1 $17 29. Rxc1 Rxc1+ 30. Kh2 Rb1 )29. g3 (29. Kh2 $11 {keeps the balance.} )Nd7 ({Black
should try} 29... Rc1+ $1 $17 30. Rxc1 Rxc1+ 31. Kg2 Rb1 )30. Kg2 f5 {} 31. Nh4 (31. exf5 $15 Nxf5 32. Nc6 )fxe4 $17 {
Threatens to win with ...Nf6.} 32. Qg4 Rc2 (32... e3 $1 $17 {} 33. Re2 Nf6 34. Qe6+ Kh7 )33. Rb2 $11 Rxd2 34. Rxd2 e3 35. Re2 Nf8 (35... Rf8 $11 36. Rxe3 (36. Qxd7 exf2 37. Nf5 Nxf5 $19 )Nf6 37. Qe6+ { Double
Attack} Rf7 )36. Rxe3 (36. Nc6 $1 $16 {} Rxc6 37. dxc6 Qxc6+ 38. Kg1 )Rc7 37. Rf3 {And now Qh5 would win.} (37. Rd3 {feels hotter.} Qa6 38. Nf5 Nxf5 39. Qxf5 Rf7 40. Qg4 )Qd4 38. Qxd4 $1 exd4 39. Rd3 Nd7 40. Rxd4 (40. Nf3 $5 {} )Nf6 41. Nf3 Nexd5 42. h4 Kf7 43. g4 ({
White should play} 43. Rd2 $11 )Ke6 (43... Rc3 $15 )44. Rd1 Nxg4 45. Nd4+ Kd7 46. Kg3 (46. Nxb5 $5 {} Nde3+ 47. Kg3 Nxd1 48. Nxc7 $15 )Ngf6 47. Nxb5 Rc2 48. Nd4 $2 {} (48. Rd4 $11 )Ne4+ $1 $19 49. Kg4 $2 (49. Kf3 Rxf2+ 50. Kxe4 Nc3+ { Double Attack} 51. Kd3 Nxd1 52. Nc4 )Rxf2 {( -> ...h5+!)} 50. Nc4 {[#]} g6 (50... h5+ $142 $1 {
} 51. Kxh5 Rg2 52. Nb6+ Nxb6 53. Rf1 Ng3+ { Double Attack} 54. Kg6 Nxf1+ 55. Kf5 Nd5 56. h5 Ng3+ 57. Kg4 {[#]} Nxh5+ $1 {} 58. Kf3 Rg3+ 59. Kf2 Nxb4 60. Nf5 Rh3 61. Nd4 Nd3+ 62. Ke2 Nhf4+ 63. Kd2 g5 64. Nf5 g4 65. Kc2 Ne5 66. Kb1 g3 67. Nxg3 Rxg3 68. Kb2 Nc4+ 69. Kc2 Ne6 70. Kb1 Rb3+ 71. Ka2 Nd4 72. Ka1 Nc2+ 73. Ka2 Rb2# )51. h5 Rf4+ 52. Kh3 Nf2+ { Double
Attack. Accuracy: White = 25%, Black = 35%.} 0-1

[Event "FIDE World Rapid-ch Open 2018"]
[White "Anton Guijarro, David"]
[Black "Amin, Bassem"]
[Site "St. Petersburg"]
[Round "13.17"]
[Annotator "ChessBase"]
[Result "1-0"]
[Date "2018.12.28"]
[WhiteElo "2642"]
[BlackElo "2710"]
[PlyCount "71"]
[TimeControl "900+10"]

1. e4 {[%emt 0:0:0]} e5 {[%emt 0:1:44]} 2. Nf3 {[%emt 0:0:0]} Nc6 {[%emt 0:0:2]
} 3. Bc4 {[%emt 0:0:0]} Bc5 {[%emt 0:0:25]} 4. c3 {[%emt 0:0:0]} Nf6 {[%emt 0:0:3]} 5. d4 {[%emt 0:0:3]} exd4 {[%emt 0:0:3]} 6. e5 {[%emt 0:0:2]
} d5 {[%emt 0:0:18]} 7. Bb5 {[%emt 0:0:3]} Ne4 {[%emt 0:0:7]
} 8. cxd4 {[%emt 0:0:3]} Bb6 {[%emt 0:0:6]} 9. Nc3 {[%emt 0:0:3]} 0-0 {[%emt 0:0:5]
} 10. Be3 {[%emt 0:0:3]} f6 {[%emt 0:1:30]} 11. Qb3 {[%emt 0:0:0]} Nxc3 {[%emt 0:0:21]} 12. Bxc6 {[%emt 0:0:3]} bxc6 {[%emt 0:0:7]} 13. Qxc3 {[%emt 0:0:2]} Bg4 {[%emt 0:0:45]} 14. exf6 {[%emt 0:0:52]} Qxf6 {[%emt 0:2:6]
} 15. Ne5 {[%emt 0:0:20]} Bf5 {[%emt 0:0:19]} 16. 0-0 {[%emt 0:0:0]} Rae8 {[%emt 0:0:32]} 17. b4 {[%emt 0:0:58]} Qh4 {[%emt 0:3:7]} 18. f4 {[%emt 0:2:20]} Be4 {[%emt 0:0:17]} 19. Rf2 {[%emt 0:0:27]} Re6 {[%emt 0:0:0]} 20. Raf1 {[%emt 0:2:22]} Rh6 {[%emt 0:0:55]} 21. h3 {[%emt 0:0:7]} Qg3 {[%emt 0:0:35]} 22. Rf3 {[%emt 0:0:27]} Bxf3 {[%emt 0:0:18]} 23. Rxf3 {[%emt 0:0:5]
} Qh4 {[%emt 0:0:11]} 24. a4 {[%emt 0:0:22]} a6 {[%emt 0:0:24]
} 25. a5 {[%emt 0:0:5]} Ba7 {[%emt 0:0:1]} 26. Nxc6 {[%emt 0:1:19]} Bb8 {[%emt 0:0:5]
} 27. f5 {[%emt 0:1:14]} Rhf6 {[%emt 0:1:21]} 28. Bf2 {[%emt 0:0:0]} Qg5 {[%emt 0:1:2]} 29. Qc5 {[%emt 0:0:50]} Kh8 {[%emt 0:0:19]} 30. Bg3 {[%emt 0:1:21]} h5 {[%emt 0:1:3]} 31. b5 {[%emt 0:0:40]} axb5 {[%emt 0:0:0]} 32. a6 {[%emt 0:0:32]} Kh7 {[%emt 0:0:11]} 33. Nxb8 {[%emt 0:0:34]} Rxb8 {[%emt 0:0:7]} 34. a7 {[%emt 0:0:4]} Ra8 {[%emt 0:0:25]} 35. Be5 {[%emt 0:0:43]
} Rxf5 {[%emt 0:0:35]} 36. Qc2 {[%emt 0:0:12]} 1-0

[Event "FIDE World Rapid-ch Open 2018"]
[White "Cheparinov, Ivan"]
[Black "Rakhmanov, Aleksandr"]
[Site "St. Petersburg"]
[Round "13.18"]
[Annotator "ChessBase"]
[Result "1/2-1/2"]
[Date "2018.12.28"]
[WhiteElo "2709"]
[BlackElo "2629"]
[PlyCount "80"]
[TimeControl "900+10"]

1. Nf3 {[%emt 0:0:0]} Nf6 {[%emt 0:0:0]} 2. c4 {[%emt 0:0:0]} d6 {[%emt 0:0:0]
} 3. d4 {[%emt 0:0:3]} g6 {[%emt 0:0:2]} 4. Nc3 {[%emt 0:0:0]} Bf5 {[%emt 0:0:3]} 5. Qb3 {[%emt 0:0:15]} b6 {[%emt 0:0:2]} 6. g3 {[%emt 0:0:7]
} Bg7 {[%emt 0:0:9]} 7. Bg2 {[%emt 0:0:13]} Nc6 {[%emt 0:0:0]} 8. Qa4 {[%emt 0:1:11]} Bd7 {[%emt 0:0:3]} 9. Qd1 {[%emt 0:0:3]} 0-0 {[%emt 0:0:14]
} 10. 0-0 {[%emt 0:0:4]} e5 {[%emt 0:0:59]} 11. d5 {[%emt 0:0:0]} Ne7 {[%emt 0:0:12]} 12. e4 {[%emt 0:0:5]} Ne8 {[%emt 0:0:47]} 13. Ne1 {[%emt 0:0:21]} f5 {[%emt 0:0:6]} 14. Nd3 {[%emt 0:0:43]} Nf6 {[%emt 0:0:0]} 15. f3 {[%emt 0:0:39]} a5 {[%emt 0:1:11]} 16. Bd2 {[%emt 0:0:6]} h5 {[%emt 0:0:27]} 17. h4 {[%emt 0:3:14]} fxe4 {[%emt 0:0:30]} 18. fxe4 {[%emt 0:0:5]
} Ng4 {[%emt 0:0:5]} 19. Qe2 {[%emt 0:0:8]} Kh7 {[%emt 0:0:0]} 20. Rxf8 {[%emt 0:0:11]} Qxf8 {[%emt 0:0:19]} 21. Rf1 {[%emt 0:0:0]} Qe8 {[%emt 0:0:44]} 22. Ne1 {[%emt 0:0:21]} Ng8 {[%emt 0:0:14]} 23. Nf3 {[%emt 0:0:1]
} N8f6 {[%emt 0:0:5]} 24. Ng5+ {[%emt 0:0:1]} Kg8 {[%emt 0:0:0]} 25. Nb5 {[%emt 0:0:13]} Rc8 {[%emt 0:0:49]} 26. b3 {[%emt 0:0:8]} Nh7 {[%emt 0:0:21]} 27. Nxh7 {[%emt 0:1:39]} Kxh7 {[%emt 0:0:2]} 28. Nc3 {[%emt 0:0:37]
} Qe7 {[%emt 0:2:4]} 29. Bg5 {[%emt 0:0:20]} Bf6 {[%emt 0:0:0]} 30. Bxf6 {[%emt 0:1:0]} Nxf6 {[%emt 0:0:2]} 31. Qd2 {[%emt 0:0:54]} Kg7 {[%emt 0:0:38]} 32. Qg5 {[%emt 0:0:47]} Rf8 {[%emt 0:0:40]} 33. Nb1 {[%emt 0:0:27]
} Qd8 {[%emt 0:0:43]} 34. Nd2 {[%emt 0:0:25]} Nh7 {[%emt 0:0:0]} 35. Qxd8 {[%emt 0:0:17]} Rxd8 {[%emt 0:0:2]} 36. Nf3 {[%emt 0:0:12]} Bg4 {[%emt 0:1:26]} 37. Ng5 {[%emt 0:0:35]} Nxg5 {[%emt 0:0:50]} 38. hxg5 {[%emt 0:0:2]
} Rf8 {[%emt 0:2:35]} 39. Rxf8 {[%emt 0:0:11]} Kxf8 {[%emt 0:0:0]} 40. Kf2 {[%emt 0:0:7]} Ke7 {[%emt 0:0:25]} 1/2-1/2

[Event "FIDE World Rapid-ch Open 2018"]
[White "Antipov, Mikhail Al."]
[Black "Motylev, Alexander"]
[Site "St. Petersburg"]
[Round "13.19"]
[Annotator "ChessBase"]
[Result "1/2-1/2"]
[Date "2018.12.28"]
[WhiteElo "2589"]
[BlackElo "2644"]
[PlyCount "68"]
[TimeControl "900+10"]

1. e4 {[%emt 0:0:0]} e5 {[%emt 0:0:0]} 2. Nf3 {[%emt 0:0:0]} Nc6 {[%emt 0:0:0]
} 3. Bb5 {[%emt 0:0:0]} Nge7 {[%emt 0:0:2]} 4. h4 {[%emt 0:0:0]} Nd4 {[%emt 0:0:47]} 5. Nxd4 {[%emt 0:2:54]} exd4 {[%emt 0:0:1]} 6. Qf3 {[%emt 0:0:14]} c6 {[%emt 0:0:18]} 7. Bc4 {[%emt 0:2:7]} d5 {[%emt 0:0:0]} 8. exd5 {[%emt 0:0:1]} Nxd5 {[%emt 0:0:17]} 9. Bxd5 {[%emt 0:0:12]} cxd5 {[%emt 0:0:30]} 10. d3 {[%emt 0:2:23]} Be7 {[%emt 0:2:33]} 11. h5 {[%emt 0:0:22]
} 0-0 {[%emt 0:0:3]} 12. 0-0 {[%emt 0:0:9]} Be6 {[%emt 0:0:0]} 13. h6 {[%emt 0:0:5]} g5 {[%emt 0:0:31]} 14. Nd2 {[%emt 0:0:27]} g4 {[%emt 0:2:23]
} 15. Qf4 {[%emt 0:0:51]} Bg5 {[%emt 0:0:8]} 16. Qh2 {[%emt 0:0:0]} f5 {[%emt 0:0:23]} 17. Nb3 {[%emt 0:0:54]} f4 {[%emt 0:0:29]} 18. Nxd4 {[%emt 0:0:2]} Bd7 {[%emt 0:0:5]} 19. g3 {[%emt 0:2:0]} Rf6 {[%emt 0:2:45]
} 20. Bxf4 {[%emt 0:1:4]} Bxf4 {[%emt 0:0:34]} 21. gxf4 {[%emt 0:0:2]
} Qb6 {[%emt 0:0:11]} 22. c3 {[%emt 0:0:15]} Rxh6 {[%emt 0:0:0]} 23. Qg2 {[%emt 0:0:0]} Qd6 {[%emt 0:0:25]} 24. Rae1 {[%emt 0:0:26]} Rh5 {[%emt 0:1:36]} 25. Re3 {[%emt 0:1:33]} Qxf4 {[%emt 0:0:31]} 26. Re7 {[%emt 0:0:6]
} Qd6 {[%emt 0:0:20]} 27. Rfe1 {[%emt 0:0:4]} Rf8 {[%emt 0:0:0]} 28. Qg3 {[%emt 0:0:21]} Qh6 {[%emt 0:0:19]} 29. Qg2 {[%emt 0:0:18]} g3 {[%emt 0:0:15]} 30. fxg3 {[%emt 0:0:46]} Bh3 {[%emt 0:0:7]} 31. Qe2 {[%emt 0:0:1]
} Bc8 {[%emt 0:0:44]} 32. Qg2 {[%emt 0:0:2]} Bh3 {[%emt 0:0:0]} 33. Qe2 {[%emt 0:0:1]} Bc8 {[%emt 0:0:43]} 34. Qg2 {[%emt 0:0:1]} Bh3 {[%emt 0:0:10]} 1/2-1/2

[Event "FIDE World Rapid-ch Open 2018"]
[White "Amonatov, Farrukh"]
[Black "Paravyan, David"]
[Site "St. Petersburg"]
[Round "13.20"]
[Annotator "ChessBase"]
[Result "1/2-1/2"]
[Date "2018.12.28"]
[WhiteElo "2614"]
[BlackElo "2634"]
[PlyCount "119"]
[TimeControl "900+10"]

1. e4 {[%emt 0:0:0]} e5 {[%emt 0:0:0]} 2. Nf3 {[%emt 0:0:0]} Nc6 {[%emt 0:0:0]
} 3. Bb5 {[%emt 0:0:0]} Nf6 {[%emt 0:0:0]} 4. d3 {[%emt 0:0:0]} Bc5 {[%emt 0:0:0]} 5. Bxc6 {[%emt 0:0:1]} dxc6 {[%emt 0:0:0]} 6. Nbd2 {[%emt 0:0:1]} 0-0 {[%emt 0:0:7]} 7. Qe2 {[%emt 0:0:4]} Nd7 {[%emt 0:0:8]
} 8. 0-0 {[%emt 0:0:9]} Be7 {[%emt 0:0:56]} 9. Nc4 {[%emt 0:0:0]} f6 {[%emt 0:0:2]} 10. Nh4 {[%emt 0:0:6]} Nc5 {[%emt 0:0:2]} 11. Nf5 {[%emt 0:0:15]} Bxf5 {[%emt 0:2:33]} 12. exf5 {[%emt 0:0:2]} Na4 {[%emt 0:0:3]
} 13. Qg4 {[%emt 0:0:44]} Nb6 {[%emt 0:0:5]} 14. Nd2 {[%emt 0:0:0]} Nd5 {[%emt 0:0:26]} 15. Ne4 {[%emt 0:0:3]} Kh8 {[%emt 0:0:18]} 16. Bd2 {[%emt 0:0:5]} a5 {[%emt 0:0:29]} 17. a3 {[%emt 0:0:31]} Qe8 {[%emt 0:0:0]} 18. Rae1 {[%emt 0:0:10]} Qf7 {[%emt 0:0:1]} 19. Ng3 {[%emt 0:1:10]} Bd6 {[%emt 0:0:15]} 20. Re4 {[%emt 0:0:5]} b6 {[%emt 0:3:12]} 21. Rfe1 {[%emt 0:0:34]
} Rae8 {[%emt 0:0:8]} 22. Rc4 {[%emt 0:0:52]} c5 {[%emt 0:0:0]} 23. Qf3 {[%emt 0:0:22]} Nf4 {[%emt 0:0:31]} 24. Rce4 {[%emt 0:0:5]} g6 {[%emt 0:1:4]} 25. h3 {[%emt 0:3:2]} Rg8 {[%emt 0:0:20]} 26. fxg6 {[%emt 0:4:32]
} hxg6 {[%emt 0:0:1]} 27. Bxf4 {[%emt 0:0:6]} exf4 {[%emt 0:0:0]} 28. Rxe8 {[%emt 0:0:2]} Rxe8 {[%emt 0:0:1]} 29. Rxe8+ {[%emt 0:0:0]} Qxe8 {[%emt 0:0:1]} 30. Ne2 {[%emt 0:0:40]} Qe5 {[%emt 0:1:3]} 31. c3 {[%emt 0:0:7]} f5 {[%emt 0:0:11]} 32. Kf1 {[%emt 0:0:11]} Kg7 {[%emt 0:0:0]} 33. Ke1 {[%emt 0:1:2]} Qe6 {[%emt 0:0:30]} 34. Kd2 {[%emt 0:0:1]} g5 {[%emt 0:0:1]} 35. g4 {[%emt 0:1:44]} fxg3 {[%emt 0:0:26]} 36. fxg3 {[%emt 0:0:1]
} Qh6 {[%emt 0:0:34]} 37. g4 {[%emt 0:0:3]} f4 {[%emt 0:0:36]
} 38. Qd5 {[%emt 0:0:23]} Qh4 {[%emt 0:0:47]} 39. d4 {[%emt 0:0:22]} c4 {[%emt 0:0:18]
} 40. a4 {[%emt 0:0:33]} Kh8 {[%emt 0:1:36]} 41. Qa8+ {[%emt 0:0:0]} Kg7 {[%emt 0:0:2]} 42. Qd5 {[%emt 0:0:1]} Qh6 {[%emt 0:0:51]} 43. Qf5 {[%emt 0:0:14]} Qf6 {[%emt 0:0:4]} 44. Qd7+ {[%emt 0:0:29]} Kh6 {[%emt 0:0:4]
} 45. d5 {[%emt 0:0:27]} Be5 {[%emt 0:0:11]} 46. Qe6 {[%emt 0:0:0]} Qxe6 {[%emt 0:0:29]} 47. dxe6 {[%emt 0:0:1]} Kg6 {[%emt 0:0:1]} 48. Ng1 {[%emt 0:0:7]} Kf6 {[%emt 0:0:22]} 49. Nf3 {[%emt 0:0:0]} Bd6 {[%emt 0:0:1]
} 50. Ke2 {[%emt 0:0:16]} Be7 {[%emt 0:1:3]} 51. Nd2 {[%emt 0:0:0]} Kxe6 {[%emt 0:0:4]} 52. Nxc4 {[%emt 0:0:1]} Kd5 {[%emt 0:0:6]} 53. Nd2 {[%emt 0:0:9]} c6 {[%emt 0:0:0]} 54. Kd3 {[%emt 0:0:13]} Bd8 {[%emt 0:0:37]
} 55. b3 {[%emt 0:0:14]} Be7 {[%emt 0:0:4]} 56. Nf3 {[%emt 0:0:0]} Bf6 {[%emt 0:0:3]} 57. Nd2 {[%emt 0:0:21]} Bd8 {[%emt 0:0:13]} 58. Nf3 {[%emt 0:0:16]} Bf6 {[%emt 0:0:1]} 59. Nd2 {[%emt 0:0:11]} Bd8 {[%emt 0:0:1]
} 60. Nf3 {Ke4+ Kxe4} 1/2-1/2

[Event "FIDE World Rapid-ch Open 2018"]
[White "Duda, Jan-Krzysztof"]
[Black "Tang, Andrew"]
[Site "St. Petersburg"]
[Round "13.21"]
[Annotator "ChessBase"]
[Result "1-0"]
[Date "2018.12.28"]
[WhiteElo "2738"]
[BlackElo "2487"]
[PlyCount "69"]
[TimeControl "900+10"]

1. Nf3 {[%emt 0:0:0]} d5 {[%emt 0:0:0]} 2. c4 {[%emt 0:0:0]} e6 {[%emt 0:0:0]} 3. e3 {[%emt 0:0:0]} Nf6 {[%emt 0:0:0]} 4. b3 {[%emt 0:0:0]} c5 {[%emt 0:0:2]
} 5. Bb2 {[%emt 0:0:1]} Nc6 {[%emt 0:0:3]} 6. cxd5 {[%emt 0:0:0]} exd5 {[%emt 0:0:16]} 7. Bb5 {[%emt 0:0:27]} Bd6 {[%emt 0:0:24]} 8. 0-0 {[%emt 0:0:32]} 0-0 {[%emt 0:0:51]} 9. d4 {[%emt 0:0:23]} cxd4 {[%emt 0:0:0]} 10. Nxd4 {[%emt 0:1:23]} Bg4 {[%emt 0:0:11]} 11. Be2 {[%emt 0:0:22]} Bxe2 {[%emt 0:0:28]} 12. Qxe2 {[%emt 0:0:10]} Re8 {[%emt 0:0:37]} 13. Nd2 {[%emt 0:0:13]
} Be5 {[%emt 0:3:2]} 14. Nxc6 {[%emt 0:1:12]} bxc6 {[%emt 0:0:0]} 15. Bxe5 {[%emt 0:0:3]} Rxe5 {[%emt 0:0:2]} 16. Rac1 {[%emt 0:0:0]} Qb6 {[%emt 0:0:59]} 17. Rc2 {[%emt 0:0:28]} c5 {[%emt 0:0:13]} 18. Rfc1 {[%emt 0:0:16]} Rc8 {[%emt 0:0:2]} 19. Qd3 {[%emt 0:0:18]} h6 {[%emt 0:0:0]} 20. h3 {[%emt 0:0:2]} Re7 {[%emt 0:0:8]} 21. Qf5 {[%emt 0:1:4]} Rec7 {[%emt 0:0:44]} 22. Nf3 {[%emt 0:0:38]} Qd6 {[%emt 0:0:23]} 23. Qe5 {[%emt 0:4:8]
} Qb6 {[%emt 0:0:39]} 24. Nd4 {[%emt 0:0:37]} Re8 {[%emt 0:0:0]} 25. Qf4 {[%emt 0:0:23]} Ne4 {[%emt 0:0:12]} 26. Nf5 {[%emt 0:1:30]} Rc6 {[%emt 0:1:11]} 27. Rd1 {[%emt 0:1:2]} Rf6 {[%emt 0:1:23]} 28. Rxd5 {[%emt 0:1:13]
} Qe6 {[%emt 0:0:33]} 29. Qg4 {[%emt 0:0:2]} Rg6 {[%emt 0:0:0]} 30. Qd1 {[%emt 0:0:1]} Rg5 {[%emt 0:0:12]} 31. g4 {[%emt 0:0:36]} h5 {[%emt 0:0:10]
} 32. f4 {[%emt 0:0:10]} Rg6 {[%emt 0:0:52]} 33. Re5 {[%emt 0:0:0]} Qc8 {[%emt 0:1:5]} 34. Ne7+ {[%emt 0:0:31]} Rxe7 {[%emt 0:0:4]} 35. Rxe7 {[%emt 0:0:1]} 1-0